000 00541nam a2200157 a 4500
001 000247566
003 AM-YeHGA
005 20250618071649.0
008 030716s1925 ai 000 | arm d
040 _aAM-YeHGA
245 1 0 _aԱռաջին կարմիր դրոշակը /
_cՆ. Լյաշկո; Թարգմ.՝ Մ. Եփրիկ.
260 _aԵրևան :
_bՀայաստ. արհմիութ. խորհրդ. հրատ.,
_c1925.
300 _a19 էջ ;
_c18 սմ.
650 1 4 _aՌուս գրականություն
_xՊատմվածք
_94645
090 _c89754
999 _c88468
_d88468